Online
Catalog

Recueil de textes littéraires françai : (Record no. 17775)

MARC details
000 -CABECERA
campo de control de longitud fija 00444cam a2200145u 4500
001 - NÚMERO DE CONTROL
campo de control 000018254
005 - FECHA Y HORA DE LA ÚLTIMA TRANSACCIÓN
campo de control 20200929165425.0
008 - DATOS DE LONGITUD FIJA--INFORMACIÓN GENERAL
campo de control de longitud fija 840713s1966 fr a 000 0 fre
040 ## - FUENTE DE LA CATALOGACIÓN
Centro catalogador/agencia de origen DO-SdBNP
Lengua de catalogación spa
Centro/agencia transcriptor BNPHU
100 1# - ENTRADA PRINCIPAL--NOMBRE DE PERSONA
Nombre de persona Chassang, Arsene.
9 (RLIN) 39544
245 10 - MENCIÓN DE TÍTULO
Título Recueil de textes littéraires françai :
Resto del título XVIe siecle /.
260 ## - PUBLICACIÓN, DISTRIBUCIÓN, ETC.
Lugar de publicación, distribución, etc. Paris, :
Nombre del editor, distribuidor, etc. Hachette,
Fecha de publicación, distribución, etc. 1966.
300 ## - DESCRIPCIÓN FÍSICA
Extensión 256 p. :
Otras características físicas il., mapas ;
Dimensiones 24 cm.
700 1# - PUNTO DE ACCESO ADICIONAL--NOMBRE DE PERSONA
Nombre de persona Senninger, Charles,
9 (RLIN) 39545
Holdings
Estado de retiro Estado de pérdida Restricciones de uso No para préstamo Código de colección Localización permanente Ubicación/localización actual Ubicación en estantería Fecha de adquisición Número de inventario Total de préstamos Signatura topográfica completa Código de barras Fecha visto por última vez Precio válido a partir de Tipo de ítem Koha
      Excluido de préstamo Monografías: Libros y Folletos General General En catalogación 22.04.2010 LF1   18254-10 25.06.2020 25.06.2020 No se presta

Powered by Koha